00775nam a22002657a 4500003000500000005001700005008004100022010000900063011000900072035000900081040000900090082001500099100002200114245007100136260004900207300002300256490005500279650002200334650001400356650002400370650002300394650002700417650001000444830005500454CHAP20220329133558.0971013s1991 r 00010 d a8134 a9106 a8340 cCHAP a634.9bB8300aBudelman, Arnoud. aWoody species in auxiliary rolesb: live stakes in yam cultivation aAmsterdam :bRoyal Tropical Institute,c1991 a151 p.b: Gráfs. aDevelopment oriented researach in agriculturev; 314aAgroforestería.14aArbustos.14aCultivos asociados.14aGliricidia sepium.14aLeucaena leucocephala.14aYuca.0 aDevelopment oriented researach in agriculturev; 3